| 000 | 00437nam a2200157Ia 4500 | ||
|---|---|---|---|
| 008 | 230312s9999||||xx |||||||||||||| ||und|| | ||
| 020 | _a81-7554-149-0 | ||
| 082 |
_a658 _bBOO |
||
| 100 | _aDianna Booher | ||
| 245 | 0 | _a101 WAYS To Clean Up Your Act | |
| 260 |
_bKogan Page _aNew Delhi _c2001 |
||
| 300 | _a130 | ||
| 546 | _aEng. | ||
| 650 |
_aManagement _vUse approval Lines, Compose your own short documents on the computer |
||
| 942 | _cBK | ||
| 999 |
_c955 _d955 |
||